|
|
|
|
| LEADER |
00634nam a2200193 i 4500 |
| 001 |
misc55784 |
| 005 |
20241009151400.0 |
| 008 |
200508s1940 hu o 000 tur d |
| 040 |
|
|
|a SZTE Miscellanea Repozitórium
|b hun
|
| 041 |
|
|
|a tur
|
| 100 |
1 |
|
|a Atalay Besim
|
| 245 |
1 |
0 |
|a Türkçemizde men-man
|h [elektronikus dokumentum] /
|c Atalay Besim
|
| 260 |
|
|
|a Matbaai Ebüzziya
|b Istanbul
|c 1940
|
| 300 |
|
|
|a 55
|
| 561 |
|
|
|a Németh Gyula hagyaték
|
| 650 |
|
4 |
|a Bölcsészettudományok
|
| 650 |
|
4 |
|a Nyelvek és irodalom
|
| 695 |
|
|
|a Török nyelv - etimológia
|
| 856 |
4 |
0 |
|u http://misc.bibl.u-szeged.hu/55784/1/145_noa_a93.pdf
|z Dokumentum-elérés
|